Материя и материал техники: методическое пособие к семинарским занятиям

التفاصيل البيبلوغرافية
مؤلف مشترك: Сибирский металлургический институт (СМИ)
مؤلفون آخرون: Страшников В. М. (составитель)
اللغة:الروسية
منشور في: Новокузнецк, Изд-во СМИ, 1970
الموضوعات:
التنسيق: MixedMaterials كتاب
KOHA link:https://koha.lib.tpu.ru/cgi-bin/koha/opac-detail.pl?biblionumber=196548

MARC

LEADER 00000nam0a2200000 4500
001 196548
005 20231031183138.0
035 |a (RuTPU)RU\TPU\book\214419 
090 |a 196548 
100 |a 20110525d1970 m y0rusy50 ca 
101 0 |a rus 
102 |a RU 
105 |a y z 001zy 
200 1 |a Материя и материал техники  |e методическое пособие к семинарским занятиям  |f Сибирский металлургический институт (СМИ); сост. В. М. Страшников 
210 |a Новокузнецк  |c Изд-во СМИ  |d 1970 
215 |a 29 с. 
320 |a Библиогр.: с. 29. 
610 1 |a материя 
610 1 |a материал техники 
610 1 |a методические пособия 
675 |a 1М2(07.07)  |v 3 
702 1 |a Страшников  |b В. М.  |4 220 
712 0 2 |a Сибирский металлургический институт (СМИ)  |c (Новокузнецк)  |c (1933-1994)  |2 stltpush  |3 (RuTPU)RU\TPU\col\2081 
801 1 |a RU  |b 63413507  |c 20110525 
801 2 |a RU  |b 63413507  |c 20111114  |g RCR 
942 |c BK